Statistics for Countries Mariah Carey has visited

Click here to take the quiz!

General Stats

  • This quiz has been taken 147 times
    (115 since last reset)
  • The average score is 31 of 39

Answer Stats

ContinentCountry% Correct
EuropeUnited Kingdom
98%
OceaniaAustralia
97%
EuropeFrance
97%
North AmericaCanada
96%
AsiaChina
96%
AsiaJapan
96%
EuropeSpain
96%
North AmericaMexico
94%
North AmericaUnited States of America
94%
South AmericaBrazil
93%
EuropeItaly
93%
Asia/ EuropeRussia
93%
EuropeGermany
92%
EuropeDenmark
89%
EuropeFinland
89%
EuropeSweden
88%
EuropeBelgium
87%
AsiaSouth Korea
87%
EuropeNorway
85%
EuropeIreland
84%
AfricaSouth Africa
84%
EuropeAustria
83%
OceaniaNew Zealand
83%
AfricaEgypt
82%
EuropePoland
82%
Europethe Netherlands
81%
EuropeSwitzerland
79%
AsiaIndonesia
74%
AsiaThailand
74%
AsiaMalaysia
71%
AsiaSingapore
65%
Asiathe Philippines
62%
AsiaUnited Arab Emirates
62%
AsiaTaiwan
61%
EuropeLuxembourg
56%
EuropeLatvia
53%
EuropeLithuania
51%
AfricaTunisia
47%
AsiaLebanon
34%

Score Distribution

Percentile by Number Answered

Percent of People with Each Score

Your Score History

You have not taken this quiz since the last reset